Data Converter Reference Manual- Vol-I (Record no. 24407)
[ view plain ]
| 000 -LEADER | |
|---|---|
| fixed length control field | 00385nam a2200157Ia 4500 |
| 082 ## - DEWEY DECIMAL CLASSIFICATION NUMBER | |
| Classification number | 621.3817 |
| 100 ## - MAIN ENTRY--PERSONAL NAME | |
| Personal name | Analog devices |
| 245 ## - TITLE STATEMENT | |
| Title | Data Converter Reference Manual- Vol-I |
| 260 ## - PUBLICATION, DISTRIBUTION, ETC. | |
| Name of publisher, distributor, etc. | Analog devices |
| Place of publication, distribution, etc. | USA |
| Date of publication, distribution, etc. | 1992 |
| 490 ## - SERIES STATEMENT | |
| Volume/sequential designation | I |
| 546 ## - LANGUAGE NOTE | |
| Language note | ENGLISH |
| 650 ## - SUBJECT ADDED ENTRY--TOPICAL TERM | |
| Topical term or geographic name entry element | Electrical Engineering |
| 654 ## - SUBJECT ADDED ENTRY--FACETED TOPICAL TERMS | |
| Focus term | Data converter reference manual vol-I |
| 942 ## - ADDED ENTRY ELEMENTS (KOHA) | |
| Koha item type | BOOK |
| Withdrawn status | Lost status | Damaged status | Not for loan | Collection | Home library | Current library | Date acquired | Source of acquisition | Cost, normal purchase price | Total Checkouts | Full call number | Barcode | Date last seen | Cost, replacement price | Price effective from | Koha item type |
|---|---|---|---|---|---|---|---|---|---|---|---|---|---|---|---|---|
| CRC | Fr. Agnel's C.Rodrigues College of Engineering | Fr. Agnel's C.Rodrigues College of Engineering | 17/03/2023 | global books | 475.50 | 621.3817 | 7102 | 17/03/2023 | 475.50 | 17/03/2023 | BOOK | |||||
| CRC | Fr. Agnel's C.Rodrigues College of Engineering | Fr. Agnel's C.Rodrigues College of Engineering | 17/03/2023 | global books | 475.50 | 621.3817 | 7103 | 17/03/2023 | 475.50 | 17/03/2023 | BOOK |